000 00848nam a2200253Ia 4500
003 OSt
005 20220923211151.0
006 a|||||r|||| 00| 0
007 ta
008 Pun
020 _a8187654104 (hbk)
_c480
024 _a280,586
037 _b807, 09/03/2014, H.K. Prakashan
_cTextual
040 _aARTS
_cARTS
_bPun
041 _2Pun
_aPun
082 _aQ8441v, 153Q3
100 _aਸਾਗੂ, ਹਰਬੰਸ ਕੌਰ, ਥਦ.
_9159016
245 0 _aਸਿੱਖ Fਹਾਦਤ ਦਾ ਸੰਕਲਪ ਤੇ ਪਰੰਪਰਾ
260 _aਦਿੱਲੀ
_b ਮਨਪੀਤ ਪ੍ਰਕਾFਨ
_c2013
300 _a259ਪੰ
_ccm.
650 _aਧਰਮ
_9159017
942 _hQ8441v, 153Q3
_cTEXL
_2CC
999 _c296225
_d296225